Structural timber design to eurocode 5 (Record no. 106066)

MARC details
000 -LEADER
fixed length control field 01379cad a22002775a 4500
001 - CONTROL NUMBER
control field L135450
008 - FIXED-LENGTH DATA ELEMENTS--GENERAL INFORMATION
fixed length control field 061026s2007 xxk f 000 0 eng u
020 ## - INTERNATIONAL STANDARD BOOK NUMBER
International Standard Book Number 9781405146388
035 ## - SYSTEM CONTROL NUMBER
System control number (Sirsi) u135450
050 04 - LIBRARY OF CONGRESS CALL NUMBER
Classification number 694.02 $2 18
100 ## - MAIN ENTRY--PERSONAL NAME
Personal name Porteous, Jack
245 ## - TITLE STATEMENT
Title Structural timber design to eurocode 5
Medium [electronic resource]
260 ## - PUBLICATION, DISTRIBUTION, ETC.
Place of publication, distribution, etc. Oxford
Name of publisher, distributor, etc. Blackwell Publishing
Date of publication, distribution, etc. 2007
300 ## - PHYSICAL DESCRIPTION
Extent eBook
350 ## - PRICE (NR) (BK AM CF MU VM SE) [OBSOLETE]
Price 69.50
520 ## - SUMMARY, ETC.
Summary, etc. Provides detailed information and guidance on designing timber structures. Takes a step-by-step approach to the design of commonly used timber elements and connections using solid timber, glued laminated timber and wood based engineered products. Covers strength and stiffness properties of timber and reconstituted and engineered products. Based on common rules and rules for buildings in Eurocode 5, Part 1-1. Also covers the key requirements of Eurocode 0 and Eurocode 1. Aimed at engineers, specialist contractors and students of civil and structural engineering.
521 2# - TARGET AUDIENCE NOTE
Target audience note Advanced
590 ## - LOCAL NOTE (RLIN)
Local note KA
650 24 - SUBJECT ADDED ENTRY--TOPICAL TERM
Topical term or geographic name entry element EBOOK
651 #4 - SUBJECT ADDED ENTRY--GEOGRAPHIC NAME
Geographic name United Kingdom
Chronological subdivision
690 ## - LOCAL SUBJECT ADDED ENTRY--TOPICAL TERM (OCLC, RLIN)
Topical term or geographic name as entry element BUILT ENVIRONMENT-BUILDING MATERIALS-TIMBER
690 ## - LOCAL SUBJECT ADDED ENTRY--TOPICAL TERM (OCLC, RLIN)
Topical term or geographic name as entry element BUILT ENVIRONMENT-CONSTRUCTION DESIGN
700 1# - ADDED ENTRY--PERSONAL NAME
Personal name Kermani, Abdy
856 48 - ELECTRONIC LOCATION AND ACCESS
Uniform Resource Identifier <a href="https://www.vlebooks.com/">https://www.vlebooks.com/</a>
Public note View on VLEbooks. Logins for members only from [email protected]
942 ## - ADDED ENTRY ELEMENTS (KOHA)
Suppress in OPAC 0
Holdings
Withdrawn status Lost status Damaged status Not for loan Home library Current library Shelving location Date acquired Cost, normal purchase price Total Checkouts Full call number Barcode Date last seen Date last checked out Copy number Cost, replacement price Price effective from Koha item type Source of classification or shelving scheme
  Missing from bundle     London London Books 11/01/2008 69.50 1 694.02 POR 30074548 06/08/2019 26/06/2008 1 69.50 06/08/2019 Book  
  Missing from bundle     Virtual Virtual Online 23/11/2010 124.62   694.02 POR 135450-2001 06/08/2019   1 124.62 06/08/2019 Book  
        Virtual Virtual Online 27/06/2011     EBOOK 135450-3001 06/08/2019   1   06/08/2019 Book Dewey Decimal Classification